Ч. 4: Оборудование и инструмент для ремонта нефтяных и газовых скважин; Нефтепромысловое оборудование

Dades bibliogràfiques
Parent link:Нефтепромысловое оборудование: комплект каталогов. Ч. 4: Оборудование и инструмент для ремонта нефтяных и газовых скважин.— , 1999 - 2000
Altres autors: Шмурыгин В. А. Владимир Александрович (составитель), Крец В. Г. Виктор Георгиевич, Саруев Л. А. Лев Алексеевич
Idioma:rus
Publicat: 2000
Matèries:
Format: MixedMaterials Llibre
KOHA link:https://koha.lib.tpu.ru/cgi-bin/koha/opac-detail.pl?biblionumber=115054

MARC

LEADER 00000nam2a2200000 4500
001 115054
005 20231031122441.0
035 |a (RuTPU)RU\TPU\book\124433 
090 |a 115054 
100 |a 20070502d2000 k y0rusy50 ca 
101 0 |a rus 
102 |a RU 
105 |a a b 000zy 
200 0 |a Ч. 4: Оборудование и инструмент для ремонта нефтяных и газовых скважин  |f сост. В. А. Шмурыгин, В. Г Крец, Л. А. Саруев 
210 |d 2000 
215 |a 92 с.  |c ил. 
461 1 |0 (RuTPU)RU\TPU\book\124428  |t Нефтепромысловое оборудование  |o комплект каталогов  |v Ч. 4: Оборудование и инструмент для ремонта нефтяных и газовых скважин  |d 1999 - 2000 
610 1 |a каталоги 
610 1 |a технические характеристики 
610 1 |a нефтепромысловое оборудование 
610 1 |a насосные установки 
610 1 |a цементно-смесительные агрегаты 
610 1 |a ловильный инструмент 
610 1 |a фрезы 
610 1 |a скважинные приборы 
610 1 |a установки 
610 1 |a подъемные машины 
610 1 |a метчики 
610 1 |a ремонтное оборудование 
610 1 |a заводы 
610 1 |a изготовители 
610 1 |a вертлюги 
610 1 |a элеваторы 
610 1 |a труды учёных ТПУ 
675 |a 622.276.05(085)  |v 3 
702 1 |a Шмурыгин  |b В. А.  |c специалист в области нефтегазового дела  |c доцент Томского политехнического университета  |f 1957-  |g Владимир Александрович  |2 stltpush  |3 (RuTPU)RU\TPU\pers\26137  |4 220 
702 1 |a Крец  |b В. Г.  |c специалист в области нефтегазового дела  |c доцент Томского политехнического университета, кандидат технических наук  |f 1942-  |g Виктор Георгиевич  |2 stltpush  |3 (RuTPU)RU\TPU\pers\26131  |4 220 
702 1 |a Саруев  |b Л. А.  |c горный инженер  |c профессор Томского политехнического университета, доктор технических наук  |f 1940-  |g Лев Алексеевич  |2 stltpush  |3 (RuTPU)RU\TPU\pers\19862  |4 220 
801 1 |a RU  |b 63413507  |c 20070502  |g PSBO 
801 2 |a RU  |b 63413507  |c 20160603  |g PSBO 
942 |c BK